| 000 | 01272nam a2200253 a 4500 | ||
|---|---|---|---|
| 001 | 60097 | ||
| 003 | BD-RjUL | ||
| 005 | 20211209080814.0 | ||
| 008 | 161228r20072004bg ||||| |||| 00| 0 ben d | ||
| 020 |
_a9840745603 _c:Tk. 150.00 |
||
| 035 | _a(BD-RjUL)60221 | ||
| 040 |
_aBD-RjUL _beng _cBD-RjUL _dBD-RjUL |
||
| 041 | _aben | ||
| 082 |
_223 _a491.4403 _bBAN 2007 |
||
| 245 |
_aবাংলা ভাষায় আরবী ফার্সী তুর্কী হিন্দী উর্দু শব্দের অভিধান / _cসংকলন ও সম্পাদনা কাজী রফিকুল হক |
||
| 260 |
_aঢাকা : _bবাংলা একাডেমী, _c২০০৪ [পুনর্মুদ্রণ ২০০৭] |
||
| 300 |
_a[৩১], ৩৩৬ পৃ. ; _c২১ সেমি. |
||
| 490 |
_aবাএ ; _v৪৫৫১ |
||
| 650 |
_aবাংলা ভাষা _xবিদেশী শব্দ এবং প্রবাদ _vঅভিধান _9182220 |
||
| 650 |
_aBengali language _xForeign words and phrases _vDictionaries. _9182221 |
||
| 700 |
_aহক, কাজী রফিকুল , সংকলক ও সম্পাদক _9178859 |
||
| 830 |
_aবাএ ; _v৪৫৫১ _9182222 |
||
| 942 |
_2ddc _cREF |
||
| 999 |
_c60097 _d60097 |
||